| 000 | 01657nam0a2200325 4500 | ||
|---|---|---|---|
| 001 | RU\NLR\b_ik\174667 | ||
| 005 | 20250616230539.0 | ||
| 010 |
_a978-5-7513-0989-3 _9150 |
||
| 035 | _a(NLR Aleph) 002247309 | ||
| 090 |
_a3640144 _c3640144 |
||
| 100 | _a20081215d2008 |||y0rusy50 ca | ||
| 101 | 0 | _aeng | |
| 102 | _aRU | ||
| 105 | _aa ||||||||| | ||
| 200 | 1 |
_aTraditional culture of Yukaghirs and Evens in education of children _etext-book _fI.S. Fyodorov, M.I. Reshetnikova |
|
| 210 |
_aYakutsk _cИзд-во ЯГУ _d2008 |
||
| 215 |
_a76 с. _cил. _d20 |
||
| 300 | _aНа 3-й с. обл.: Традиционная культура юкагиров и эвенов в воспитании детей : учебно-методическое пособие / Федоров Илья Семенович, Решетникова Мария Ивановна | ||
| 320 | _aБиблиогр.: с. 76 (3 назв.) | ||
| 517 | 0 |
_aТрадиционная культура юкагиров и эвенов в воспитании детей _eучебно-методическое пособие |
|
| 541 | 0 |
_aТрадиционная культура юкагиров и эвенов в воспитании детей _eучебник _zrus |
|
| 606 | 1 |
_aАнглийский язык _xУчебные издания для педагогов _92413027 _3RU\NLR\AUTH\661437574 |
|
| 686 | 1 | _aШ143.21-93рус329.51 | |
| 686 | 1 |
_aШ143.21-93рус3 _bД890(2) |
|
| 700 | 1 |
_aFedorov _bI. S. _gIl'ja Semenovič _4070 |
|
| 701 | 1 |
_aRešetnikova _bM. I. _gMarija Ivanovna _4070 |
|
| 801 | 0 |
_aRU _bNLR _c20081215 _gRCR |
|
| 942 | _cBOOK | ||
| 980 | _aNB | ||